Państwa z największą liczbą granic - Statystyki

Ogólne statystyki
  • Ten quiz został rozwiązany 30 razy
  • Średni wynik to 14 z 19
Statystyki odpowiedzi
Liczba Granic Państwo % Poprawnych
14 Chiny
100%
7 Polska
100%
14 Rosja
100%
9 (10) Brazylia
96%
8 (11) Francja
92%
9 Demokratyczna Republika Konga
85%
9 Niemcy
85%
7 Arabia Saudyjska
77%
7 Iran
73%
8 Serbia
73%
8 Turcja
73%
7 Ukraina
69%
7 Węgry
65%
7 Sudan
62%
8 Austria
58%
7 Niger
58%
7 Mali
46%
8 Tanzania
38%
8 Zambia
38%
Nie znaleziono quizów pasujących do podanych kryteriów
Rozkład punktacji
Procent ludzi z każdym wynikiem
Percentyl według liczby udzielonych odpowiedzi
Twoja historia wyników
Nie rozwiązałeś tego quizu